000 00310nam a22001337a 4500
008 180926b xxu||||| |||| 00| 0 eng d
020 _a9780874348866
041 _aeng
080 _a541
100 _a12
101 _aKIM
245 _aFluids Electrolytes Made Incredibly Easy
_cJohn.h
942 _2udc
_cBK
999 _c48493
_d48493